[Event "DVM U20 2023"]
[Site "Magdeburg GER"]
[Date "2023.12.28"]
[Round "4"]
[White "Gallas, Noel"]
[Black "Schiffner, Robin"]
[Result "1-0"]
[Termination "normal"]
[Board "8.2"]
[WhiteElo "1931"]
[BlackElo "1588"]
[WhiteClock "00:16:06"]
[BlackClock "00:58:04"]
[WhiteTeam "SF Essen-Katernberg 04/32"]
[BlackTeam "USC Magdeburg"]
[PlyCount "101"]
[WhiteFideId "16216059"]
[BlackFideId "16210328"]
[EventCountry "GER"]
[EventRounds "7"]
[EventType "team-swiss"]
[EventDate "2023.12.26"]

1. e4 {[%clk 01:30:53]} {[%emt 00:00:07]} e6 {[%clk 01:30:35]} {[%emt
00:00:26]} 2. b3 {[%clk 01:31:06]} {[%emt 00:00:16]} d5 {[%clk 01:30:39]}
{[%emt 00:00:26]} 3. Bb2 {[%clk 01:31:10]} {[%emt 00:00:27]} Nf6 {[%clk
01:29:30]} {[%emt 00:01:37]} 4. exd5 {[%clk 01:30:13]} {[%emt 00:01:28]} exd5
{[%clk 01:29:06]} {[%emt 00:00:54]} 5. Nf3 {[%clk 01:30:06]} {[%emt 00:00:37]}
Bd6 {[%clk 01:27:56]} {[%emt 00:01:38]} 6. Be2 {[%clk 01:29:04]} {[%emt
00:01:34]} O-O {[%clk 01:27:40]} {[%emt 00:00:46]} 7. O-O {[%clk 01:24:46]}
{[%emt 00:04:49]} Re8 {[%clk 01:24:57]} {[%emt 00:03:11]} 8. d4 {[%clk
01:14:10]} {[%emt 00:11:06]} Bg4 {[%clk 01:23:43]} {[%emt 00:01:44]} 9. h3
{[%clk 01:01:38]} {[%emt 00:13:04]} Bxf3 {[%clk 01:21:43]} {[%emt 00:02:28]}
10. Bxf3 {[%clk 01:01:28]} {[%emt 00:00:40]} c6 {[%clk 01:21:37]} {[%emt
00:00:34]} 11. c4 {[%clk 00:58:54]} {[%emt 00:03:06]} Bc7 {[%clk 01:18:38]}
{[%emt 00:03:28]} 12. Nc3 {[%clk 00:48:00]} {[%emt 00:11:26]} Qd6 {[%clk
01:17:25]} {[%emt 00:01:41]} 13. g3 {[%clk 00:46:47]} {[%emt 00:01:44]} Nbd7
{[%clk 01:15:38]} {[%emt 00:02:16]} 14. Qd3 {[%clk 00:36:18]} {[%emt 00:10:58]}
Re6 {[%clk 01:11:11]} {[%emt 00:04:54]} 15. cxd5 {[%clk 00:29:21]} {[%emt
00:07:30]} Nxd5 {[%clk 01:10:54]} {[%emt 00:00:47]} 16. Nxd5 {[%clk 00:25:42]}
{[%emt 00:04:10]} cxd5 {[%clk 01:11:14]} {[%emt 00:00:09]} 17. Bg4 {[%clk
00:25:24]} {[%emt 00:00:49]} Re4 {[%clk 01:10:17]} {[%emt 00:01:22]} 18. Bf5
{[%clk 00:25:12]} {[%emt 00:00:47]} Re7 {[%clk 01:09:36]} {[%emt 00:01:08]} 19.
Bxh7+ {[%clk 00:23:43]} {[%emt 00:02:02]} Kh8 {[%clk 01:09:00]} {[%emt
00:01:06]} 20. Bf5 {[%clk 00:23:43]} {[%emt 00:00:30]} Nf6 {[%clk 01:07:19]}
{[%emt 00:02:10]} 21. a4 {[%clk 00:22:13]} {[%emt 00:02:00]} Qd8 {[%clk
01:04:52]} {[%emt 00:02:54]} 22. Qf3 {[%clk 00:19:04]} {[%emt 00:03:42]} Kg8
{[%clk 01:01:02]} {[%emt 00:04:18]} 23. Rfe1 {[%clk 00:17:11]} {[%emt
00:02:24]} Qe8 {[%clk 01:00:11]} {[%emt 00:01:19]} 24. Rxe7 {[%clk 00:10:54]}
{[%emt 00:06:50]} Qxe7 {[%clk 01:00:37]} {[%emt 00:00:03]} 25. Ba3 {[%clk
00:10:32]} {[%emt 00:00:53]} Bd6 {[%clk 00:58:51]} {[%emt 00:02:15]} 26. Bxd6
{[%clk 00:09:57]} {[%emt 00:01:07]} Qxd6 {[%clk 00:58:02]} {[%emt 00:01:19]}
27. Rc1 {[%emt 00:00:48]} Qb6 {[%clk 00:54:36]} {[%emt 00:03:51]} 28. Qc3
{[%clk 00:08:38]} {[%emt 00:01:33]} Re8 {[%clk 00:51:39]} {[%emt 00:03:28]} 29.
a5 {[%clk 00:04:59]} {[%emt 00:04:10]} Qb5 {[%clk 00:50:51]} {[%emt 00:01:16]}
30. Bd3 {[%clk 00:03:10]} {[%emt 00:02:22]} Qd7 {[%clk 00:50:10]} {[%emt
00:01:10]} 31. Kg2 {[%clk 00:02:47]} {[%emt 00:00:55]} Ne4 {[%clk 00:47:58]}
{[%emt 00:02:40]} 32. Qc7 {[%clk 00:02:34]} {[%emt 00:00:42]} Qd8 {[%clk
00:45:05]} {[%emt 00:03:22]} 33. Qxd8 {[%clk 00:01:45]} {[%emt 00:01:21]} Rxd8
{[%clk 00:45:32]} {[%emt 00:00:03]} 34. Bxe4 {[%clk 00:01:04]} {[%emt
00:01:12]} dxe4 {[%clk 00:46:01]} {[%emt 00:00:01]} 35. Rc4 {[%clk 00:01:06]}
{[%emt 00:00:27]} Rd5 {[%clk 00:45:02]} {[%emt 00:01:28]} 36. b4 {[%clk
00:00:55]} {[%emt 00:00:43]} Rb5 {[%clk 00:44:57]} {[%emt 00:00:32]} 37. f3
{[%clk 00:00:48]} {[%emt 00:00:41]} exf3+ {[%clk 00:43:42]} {[%emt 00:01:45]}
38. Kxf3 {[%clk 00:01:14]} {[%emt 00:00:05]} Kf8 {[%clk 00:43:24]} {[%emt
00:00:46]} 39. Ke4 {[%clk 00:00:53]} {[%emt 00:00:53]} Ke7 {[%clk 00:42:36]}
{[%emt 00:01:17]} 40. Kd3 {[%clk 00:00:41]} {[%emt 00:00:42]} Kd7 {[%clk
00:41:33]} {[%emt 00:01:33]} 41. g4 {[%clk 00:25:22]} {[%emt 00:05:49]} Kd6
{[%clk 01:02:08]} {[%emt 00:09:55]} 42. Kc3 {[%clk 00:21:14]} {[%emt 00:04:39]}
b6 {[%clk 01:01:59]} {[%emt 00:00:37]} 43. axb6 {[%clk 00:18:30]} {[%emt
00:03:16]} axb6 {[%clk 01:01:48]} {[%emt 00:00:40]} 44. Rc8 {[%clk 00:17:54]}
{[%emt 00:01:04]} Kd7 {[%clk 01:00:29]} {[%emt 00:01:51]} 45. Rf8 {[%clk
00:17:44]} {[%emt 00:00:39]} f6 {[%clk 00:58:09]} {[%emt 00:02:49]} 46. Rf7+
{[%clk 00:17:57]} {[%emt 00:00:19]} Ke6 {[%clk 00:58:31]} {[%emt 00:00:08]} 47.
Rxg7 {[%clk 00:18:11]} {[%emt 00:00:17]} Rd5 {[%clk 00:57:48]} {[%emt
00:01:11]} 48. Rc7 {[%clk 00:16:09]} {[%emt 00:02:32]} b5 {[%clk 00:57:42]}
{[%emt 00:00:37]} 49. Rc6+ {[%clk 00:15:47]} {[%emt 00:00:52]} Kf7 {[%clk
00:58:02]} {[%emt 00:00:10]} 50. Rc5 {[%clk 00:15:48]} {[%emt 00:00:30]} Rd7
{[%clk 00:58:04]} {[%emt 00:00:27]} 51. Rxb5 {[%clk 00:16:06]} {[%emt
00:00:12]} 1-0

[Event "DVM U20 2023"]
[Site "Magdeburg GER"]
[Date "2023.12.28"]
[Round "4"]
[White "Rabenstein, Jonathan"]
[Black "Jahrke, Jonas"]
[Result "0-1"]
[Termination "normal"]
[Board "8.3"]
[WhiteElo "1441"]
[BlackElo "1831"]
[WhiteClock "00:45:26"]
[BlackClock "00:57:39"]
[WhiteTeam "USC Magdeburg"]
[BlackTeam "SF Essen-Katernberg 04/32"]
[PlyCount "47"]
[WhiteFideId "16298462"]
[BlackFideId "12984353"]
[EventCountry "GER"]
[EventRounds "7"]
[EventType "team-swiss"]
[EventDate "2023.12.26"]

1. e4 {[%clk 01:30:41]} {[%emt 00:00:09]} c5 {[%clk 01:30:48]} {[%emt
00:00:13]} 2. Nc3 {[%clk 01:31:00]} {[%emt 00:00:11]} d6 {[%clk 01:31:11]}
{[%emt 00:00:07]} 3. f4 {[%clk 01:31:15]} {[%emt 00:00:14]} g6 {[%clk
01:31:14]} {[%emt 00:00:29]} 4. Nf3 {[%clk 01:31:23]} {[%emt 00:00:21]} Bg7
{[%clk 01:31:31]} {[%emt 00:00:12]} 5. Bc4 {[%clk 01:30:40]} {[%emt 00:01:15]}
Nc6 {[%clk 01:31:33]} {[%emt 00:00:28]} 6. O-O {[%clk 01:29:47]} {[%emt
00:01:22]} e6 {[%clk 01:31:49]} {[%emt 00:00:14]} 7. d3 {[%clk 01:29:04]}
{[%emt 00:01:13]} Nge7 {[%clk 01:32:09]} {[%emt 00:00:09]} 8. Qe1 {[%clk
01:29:10]} {[%emt 00:00:24]} O-O {[%clk 01:32:21]} {[%emt 00:00:19]} 9. Qh4
{[%clk 01:25:29]} {[%emt 00:04:10]} d5 {[%clk 01:32:26]} {[%emt 00:00:25]} 10.
Bb3 {[%clk 01:25:17]} {[%emt 00:00:43]} Na5 {[%clk 01:32:23]} {[%emt 00:00:34]}
11. f5 {[%clk 01:21:00]} {[%emt 00:04:47]} gxf5 {[%clk 01:32:24]} {[%emt
00:00:29]} 12. Bh6 {[%clk 01:08:20]} {[%emt 00:13:11]} Nxb3 {[%clk 01:31:01]}
{[%emt 00:01:52]} 13. axb3 {[%clk 01:03:41]} {[%emt 00:05:09]} f6 {[%clk
01:31:03]} {[%emt 00:00:28]} 14. Qg3 {[%clk 00:53:53]} {[%emt 00:10:17]} Ng6
{[%clk 01:30:50]} {[%emt 00:00:43]} 15. Bxg7 {[%clk 00:54:09]} {[%emt
00:00:14]} Kxg7 {[%clk 01:31:17]} {[%emt 00:00:03]} 16. exf5 {[%clk 00:54:28]}
{[%emt 00:00:11]} exf5 {[%clk 01:31:39]} {[%emt 00:00:08]} 17. Nh4 {[%clk
00:54:47]} {[%emt 00:00:10]} Be6 {[%clk 00:59:24]} {[%emt 00:32:47]} 18. Nxf5+
{[%clk 00:51:19]} {[%emt 00:03:58]} Kh8 {[%clk 00:58:52]} {[%emt 00:01:02]} 19.
Rae1 {[%clk 00:48:50]} {[%emt 00:02:59]} Qd7 {[%clk 00:58:18]} {[%emt
00:01:03]} 20. Qd6 {[%clk 00:47:20]} {[%emt 00:02:02]} Bxf5 {[%clk 00:58:06]}
{[%emt 00:00:42]} 21. Qxd5 {[%clk 00:45:08]} {[%emt 00:02:41]} Qxd5 {[%clk
00:57:42]} {[%emt 00:00:53]} 22. Nxd5 {[%clk 00:45:30]} {[%emt 00:00:10]} Bd7
{[%clk 00:57:41]} {[%emt 00:00:29]} 23. Nxf6 {[%clk 00:45:20]} {[%emt
00:00:41]} Bc6 {[%clk 00:57:39]} {[%emt 00:00:33]} 24. Re7 {[%clk 00:45:26]}
{[%emt 00:00:24]} 0-1

[Event "DVM U20 2023"]
[Site "Magdeburg GER"]
[Date "2023.12.28"]
[Round "4"]
[White "Rasch, Lukas"]
[Black "Burghardt, Jonathan"]
[Result "1-0"]
[Termination "normal"]
[Board "8.4"]
[WhiteElo "1663"]
[BlackElo "1260"]
[WhiteClock "00:18:04"]
[BlackClock "00:10:13"]
[WhiteTeam "SF Essen-Katernberg 04/32"]
[BlackTeam "USC Magdeburg"]
[PlyCount "67"]
[WhiteFideId "16272072"]
[BlackFideId "34617965"]
[EventCountry "GER"]
[EventRounds "7"]
[EventType "team-swiss"]
[EventDate "2023.12.26"]

1. e4 {[%clk 01:30:54]} {[%emt 00:00:05]} c6 {[%clk 01:30:51]} {[%emt
00:00:11]} 2. d4 {[%clk 01:31:19]} {[%emt 00:00:05]} d5 {[%clk 01:31:16]}
{[%emt 00:00:05]} 3. Nd2 {[%clk 01:31:42]} {[%emt 00:00:06]} dxe4 {[%clk
01:31:16]} {[%emt 00:00:30]} 4. Nxe4 {[%clk 01:32:05]} {[%emt 00:00:07]} Bf5
{[%clk 01:31:29]} {[%emt 00:00:17]} 5. Ng3 {[%clk 01:32:27]} {[%emt 00:00:09]}
Bg6 {[%clk 01:31:31]} {[%emt 00:00:26]} 6. h4 {[%clk 01:32:40]} {[%emt
00:00:16]} h5 {[%clk 01:31:21]} {[%emt 00:00:40]} 7. Nf3 {[%clk 01:31:32]}
{[%emt 00:01:39]} Nd7 {[%clk 01:24:33]} {[%emt 00:07:17]} 8. Bd3 {[%clk
01:31:08]} {[%emt 00:00:55]} Bxd3 {[%clk 01:24:21]} {[%emt 00:00:41]} 9. Qxd3
{[%clk 01:31:30]} {[%emt 00:00:08]} Ngf6 {[%clk 01:20:40]} {[%emt 00:04:11]}
10. Bd2 {[%clk 01:31:43]} {[%emt 00:00:16]} e6 {[%clk 01:18:42]} {[%emt
00:02:28]} 11. O-O-O {[%clk 01:30:44]} {[%emt 00:01:30]} Qc7 {[%clk 01:17:10]}
{[%emt 00:02:03]} 12. Ne4 {[%clk 01:29:06]} {[%emt 00:02:07]} O-O-O {[%clk
01:15:12]} {[%emt 00:02:28]} 13. g3 {[%clk 01:27:35]} {[%emt 00:02:02]} Nxe4
{[%clk 01:13:50]} {[%emt 00:01:51]} 14. Qxe4 {[%clk 01:26:23]} {[%emt
00:01:42]} Nf6 {[%clk 01:13:27]} {[%emt 00:00:54]} 15. Qe2 {[%clk 01:25:25]}
{[%emt 00:01:28]} Bd6 {[%clk 01:12:24]} {[%emt 00:01:32]} 16. c4 {[%clk
01:24:34]} {[%emt 00:01:21]} c5 {[%clk 01:07:50]} {[%emt 00:05:04]} 17. Kb1
{[%clk 01:19:16]} {[%emt 00:05:48]} Qc6 {[%clk 01:03:06]} {[%emt 00:05:14]} 18.
Rhe1 {[%clk 01:16:54]} {[%emt 00:02:51]} Rhe8 {[%clk 01:00:13]} {[%emt
00:03:24]} 19. dxc5 {[%clk 01:13:06]} {[%emt 00:04:19]} Qxc5 {[%clk 00:59:17]}
{[%emt 00:01:25]} 20. Be3 {[%clk 01:12:25]} {[%emt 00:01:12]} Qf5+ {[%clk
00:55:43]} {[%emt 00:04:03]} 21. Ka1 {[%clk 01:12:19]} {[%emt 00:00:37]} Bc5
{[%clk 00:54:21]} {[%emt 00:01:52]} 22. Bxc5 {[%clk 01:07:39]} {[%emt
00:05:09]} Qxc5 {[%clk 00:53:47]} {[%emt 00:01:05]} 23. Ne5 {[%clk 00:59:34]}
{[%emt 00:08:35]} Rxd1+ {[%clk 00:49:28]} {[%emt 00:04:49]} 24. Rxd1 {[%clk
00:58:26]} {[%emt 00:01:37]} Re7 {[%clk 00:48:23]} {[%emt 00:01:36]} 25. Nd3
{[%clk 00:53:24]} {[%emt 00:05:33]} Qc7 {[%clk 00:40:55]} {[%emt 00:07:57]} 26.
Qe3 {[%clk 00:39:41]} {[%emt 00:14:12]} Qa5 {[%clk 00:30:25]} {[%emt 00:10:59]}
27. b4 {[%clk 00:35:19]} {[%emt 00:04:55]} Qa3 {[%clk 00:26:52]} {[%emt
00:04:01]} 28. Qc5+ {[%clk 00:21:50]} {[%emt 00:14:00]} Kd8 {[%clk 00:22:35]}
{[%emt 00:04:46]} 29. Ne5+ {[%clk 00:20:58]} {[%emt 00:01:23]} Nd7 {[%clk
00:22:11]} {[%emt 00:00:54]} 30. Qd6 {[%clk 00:20:43]} {[%emt 00:00:45]} Ke8
{[%clk 00:13:43]} {[%emt 00:08:58]} 31. Nxd7 {[%clk 00:19:36]} {[%emt
00:01:37]} Qc3+ {[%clk 00:10:51]} {[%emt 00:03:22]} 32. Kb1 {[%clk 00:19:57]}
{[%emt 00:00:08]} f6 {[%clk 00:10:04]} {[%emt 00:01:17]} 33. Qb8+ {[%clk
00:17:43]} {[%emt 00:02:44]} Kf7 {[%clk 00:10:13]} {[%emt 00:00:20]} 34. Qf8+
{[%clk 00:18:04]} {[%emt 00:00:09]} 1-0

[Event "DVM U20 2023"]
[Site "Magdeburg GER"]
[Date "2023.12.28"]
[Round "4"]
[White "Dietz, Maximilian"]
[Black "Becker, Samuel"]
[Result "1-0"]
[Termination "normal"]
[Board "8.5"]
[WhiteElo "1463"]
[BlackElo "1338"]
[WhiteClock "00:21:30"]
[BlackClock "00:06:35"]
[WhiteTeam "USC Magdeburg"]
[BlackTeam "SF Essen-Katernberg 04/32"]
[PlyCount "101"]
[WhiteFideId "16298489"]
[BlackFideId "16271653"]
[EventCountry "GER"]
[EventRounds "7"]
[EventType "team-swiss"]
[EventDate "2023.12.26"]

1. e4 {[%clk 01:30:58]} {[%emt 00:00:02]} e6 {[%clk 01:30:50]} {[%emt
00:00:10]} 2. d4 {[%clk 01:31:24]} {[%emt 00:00:04]} d5 {[%clk 01:31:14]}
{[%emt 00:00:06]} 3. Nc3 {[%clk 01:31:53]} {[%emt 00:00:01]} Nf6 {[%clk
01:31:32]} {[%emt 00:00:11]} 4. e5 {[%clk 01:32:18]} {[%emt 00:00:07]} Nfd7
{[%clk 01:31:48]} {[%emt 00:00:13]} 5. f4 {[%clk 01:32:26]} {[%emt 00:00:23]}
c5 {[%clk 01:31:51]} {[%emt 00:00:26]} 6. Nf3 {[%clk 01:32:32]} {[%emt
00:00:25]} Nc6 {[%clk 01:31:44]} {[%emt 00:00:38]} 7. Be3 {[%clk 01:32:41]}
{[%emt 00:00:20]} Be7 {[%clk 01:32:02]} {[%emt 00:00:11]} 8. Be2 {[%clk
01:30:34]} {[%emt 00:02:38]} O-O {[%clk 01:32:19]} {[%emt 00:00:13]} 9. O-O
{[%clk 01:29:53]} {[%emt 00:01:12]} b6 {[%clk 01:30:27]} {[%emt 00:02:23]} 10.
Qd2 {[%clk 01:26:59]} {[%emt 00:03:25]} f5 {[%clk 01:27:45]} {[%emt 00:03:11]}
11. Nd1 {[%clk 01:24:15]} {[%emt 00:03:14]} cxd4 {[%clk 01:18:24]} {[%emt
00:09:51]} 12. Bxd4 {[%clk 01:22:14]} {[%emt 00:02:31]} Nxd4 {[%clk 01:18:27]}
{[%emt 00:00:26]} 13. Nxd4 {[%clk 01:22:35]} {[%emt 00:00:09]} Bc5 {[%clk
01:17:41]} {[%emt 00:01:16]} 14. b4 {[%clk 01:21:48]} {[%emt 00:01:18]} Bxd4+
{[%clk 01:16:37]} {[%emt 00:01:33]} 15. Qxd4 {[%clk 01:22:09]} {[%emt
00:00:10]} a5 {[%clk 01:15:59]} {[%emt 00:01:07]} 16. c3 {[%clk 01:14:02]}
{[%emt 00:08:38]} Qe7 {[%clk 01:11:21]} {[%emt 00:05:08]} 17. Rf3 {[%clk
01:11:59]} {[%emt 00:02:33]} axb4 {[%clk 01:09:38]} {[%emt 00:02:13]} 18. cxb4
{[%clk 01:11:41]} {[%emt 00:00:48]} Ba6 {[%clk 01:01:09]} {[%emt 00:09:00]} 19.
b5 {[%clk 01:10:45]} {[%emt 00:01:26]} Bb7 {[%clk 00:59:35]} {[%emt 00:02:06]}
20. a4 {[%clk 01:07:58]} {[%emt 00:03:17]} Qc5 {[%clk 00:55:10]} {[%emt
00:04:54]} 21. Qxc5 {[%clk 01:05:33]} {[%emt 00:02:54]} Nxc5 {[%clk 00:55:15]}
{[%emt 00:00:25]} 22. Nb2 {[%clk 00:50:44]} {[%emt 00:15:19]} Rfc8 {[%clk
00:48:38]} {[%emt 00:07:07]} 23. Rc3 {[%clk 00:45:13]} {[%emt 00:05:59]} Ne4
{[%clk 00:36:17]} {[%emt 00:12:54]} 24. Rxc8+ {[%clk 00:45:09]} {[%emt
00:00:34]} Bxc8 {[%clk 00:36:29]} {[%emt 00:00:18]} 25. Bd3 {[%clk 00:44:14]}
{[%emt 00:01:22]} Nc5 {[%clk 00:35:54]} {[%emt 00:01:08]} 26. Rc1 {[%clk
00:42:03]} {[%emt 00:02:11]} Bd7 {[%clk 00:34:33]} {[%emt 00:02:21]} 27. Rc3
{[%clk 00:38:52]} {[%emt 00:03:36]} h6 {[%clk 00:22:19]} {[%emt 00:12:48]} 28.
h4 {[%clk 00:38:54]} {[%emt 00:00:28]} Nxa4 {[%clk 00:20:41]} {[%emt 00:02:08]}
29. Ra3 {[%clk 00:38:28]} {[%emt 00:00:55]} Rc8 {[%clk 00:16:42]} {[%emt
00:04:29]} 30. Rxa4 {[%clk 00:36:26]} {[%emt 00:02:32]} Rc3 {[%clk 00:16:07]}
{[%emt 00:01:07]} 31. Rb4 {[%clk 00:34:41]} {[%emt 00:01:56]} Be8 {[%clk
00:15:41]} {[%emt 00:01:15]} 32. Be2 {[%clk 00:32:00]} {[%emt 00:03:11]} Rc2
{[%clk 00:15:53]} {[%emt 00:00:17]} 33. Bf3 {[%clk 00:31:27]} {[%emt 00:01:03]}
Rc5 {[%clk 00:14:35]} {[%emt 00:01:48]} 34. Na4 {[%clk 00:25:44]} {[%emt
00:06:13]} Rxb5 {[%clk 00:11:38]} {[%emt 00:03:27]} 35. Rxb5 {[%clk 00:26:11]}
{[%emt 00:00:03]} Bxb5 {[%clk 00:11:57]} {[%emt 00:00:11]} 36. Nxb6 {[%clk
00:26:36]} {[%emt 00:00:05]} Kf7 {[%clk 00:11:01]} {[%emt 00:01:26]} 37. Kf2
{[%clk 00:26:13]} {[%emt 00:00:53]} g6 {[%clk 00:10:57]} {[%emt 00:00:33]} 38.
Nc8 {[%clk 00:25:55]} {[%emt 00:00:46]} Bc6 {[%clk 00:09:46]} {[%emt 00:01:45]}
39. Nd6+ {[%clk 00:26:12]} {[%emt 00:00:13]} Ke7 {[%clk 00:09:15]} {[%emt
00:01:01]} 40. Be2 {[%clk 00:24:05]} {[%emt 00:02:35]} h5 {[%clk 00:09:17]}
{[%emt 00:00:30]} 41. Bb5 {[%clk 00:24:12]} {[%emt 00:00:24]} Bxb5 {[%clk
00:09:13]} {[%emt 00:00:34]} 42. Nxb5 {[%clk 00:24:34]} {[%emt 00:00:08]} Kd7
{[%clk 00:08:53]} {[%emt 00:00:49]} 43. Ke3 {[%clk 00:24:31]} {[%emt 00:00:33]}
Kc6 {[%clk 00:09:08]} {[%emt 00:00:15]} 44. Nd6 {[%clk 00:24:51]} {[%emt
00:00:08]} Kd7 {[%clk 00:08:25]} {[%emt 00:01:14]} 45. Kd4 {[%clk 00:24:13]}
{[%emt 00:01:08]} Kc6 {[%clk 00:07:17]} {[%emt 00:01:38]} 46. Nf7 {[%clk
00:22:53]} {[%emt 00:01:50]} Kd7 {[%clk 00:07:15]} {[%emt 00:00:32]} 47. Ng5
{[%clk 00:21:35]} {[%emt 00:01:49]} Ke7 {[%clk 00:06:32]} {[%emt 00:01:13]} 48.
Nxe6 {[%clk 00:20:26]} {[%emt 00:01:39]} Kxe6 {[%clk 00:06:11]} {[%emt
00:00:52]} 49. g3 {[%clk 00:20:38]} {[%emt 00:00:18]} Ke7 {[%clk 00:06:20]}
{[%emt 00:00:21]} 50. Kxd5 {[%clk 00:21:01]} {[%emt 00:00:06]} Kd7 {[%clk
00:06:35]} {[%emt 00:00:15]} 51. e6+ {[%clk 00:21:30]} {[%emt 00:00:01]} 1-0

[Event "DVM U20 2023"]
[Site "Magdeburg GER"]
[Date "2023.12.28"]
[Round "4"]
[White "Mark, Erwin Nikolaus"]
[Black "Schönherr, Stijn"]
[Result "0-1"]
[Termination "normal"]
[Board "8.6"]
[WhiteElo "1304"]
[BlackElo "1295"]
[WhiteClock "00:17:56"]
[BlackClock "00:25:44"]
[WhiteTeam "SF Essen-Katernberg 04/32"]
[BlackTeam "USC Magdeburg"]
[PlyCount "52"]
[WhiteFideId "34681566"]
[BlackFideId "34611622"]
[EventCountry "GER"]
[EventRounds "7"]
[EventType "team-swiss"]
[EventDate "2023.12.26"]

1. d4 {[%clk 01:30:59]} d5 {[%clk 01:30:48]} {[%emt 00:00:12]} 2. c4 {[%clk
01:31:25]} {[%emt 00:00:04]} c6 {[%clk 01:31:12]} {[%emt 00:00:06]} 3. Nf3
{[%clk 01:31:35]} {[%emt 00:00:20]} Nf6 {[%clk 01:31:32]} {[%emt 00:00:11]} 4.
e3 {[%clk 01:31:48]} {[%emt 00:00:16]} Bg4 {[%clk 01:28:57]} {[%emt 00:03:05]}
5. Be2 {[%clk 01:30:05]} {[%emt 00:02:12]} dxc4 {[%clk 01:26:48]} {[%emt
00:02:39]} 6. Ne5 {[%clk 01:28:36]} {[%emt 00:02:00]} Bxe2 {[%clk 01:14:43]}
{[%emt 00:12:35]} 7. Qxe2 {[%clk 01:28:52]} {[%emt 00:00:14]} Nbd7 {[%clk
01:09:31]} {[%emt 00:05:43]} 8. Nf3 {[%clk 01:25:10]} {[%emt 00:04:12]} e6
{[%clk 01:08:28]} {[%emt 00:01:32]} 9. a3 {[%clk 01:22:01]} {[%emt 00:03:39]}
Bd6 {[%clk 01:08:32]} {[%emt 00:00:26]} 10. e4 {[%clk 01:21:46]} {[%emt
00:00:46]} e5 {[%clk 01:08:07]} {[%emt 00:00:54]} 11. Bg5 {[%clk 01:18:53]}
{[%emt 00:03:24]} exd4 {[%clk 01:07:27]} {[%emt 00:01:11]} 12. e5 {[%clk
01:19:04]} {[%emt 00:00:18]} Bxe5 {[%clk 01:00:35]} {[%emt 00:07:22]} 13. Nxe5
{[%clk 01:18:56]} {[%emt 00:00:38]} Qa5+ {[%clk 01:00:39]} {[%emt 00:00:27]}
14. Kd1 {[%clk 01:12:21]} {[%emt 00:07:05]} Nxe5 {[%clk 00:58:34]} {[%emt
00:02:35]} 15. f4 {[%clk 01:06:44]} {[%emt 00:06:07]} O-O {[%clk 00:31:25]}
{[%emt 00:27:39]} 16. fxe5 {[%clk 01:06:20]} {[%emt 00:00:54]} d3 {[%clk
00:31:43]} {[%emt 00:00:13]} 17. Qe3 {[%clk 00:35:17]} {[%emt 00:31:32]} Qa4+
{[%clk 00:31:23]} {[%emt 00:00:50]} 18. Ke1 {[%emt 00:00:14]} Nd5 {[%emt
00:00:06]} 19. Qg3 {[%clk 00:27:30]} {[%emt 00:07:57]} Qc2 {[%clk 00:31:13]}
{[%emt 00:00:39]} 20. Nd2 {[%clk 00:27:34]} {[%emt 00:00:28]} Rfe8 {[%clk
00:31:03]} {[%emt 00:00:40]} 21. Kf2 {[%clk 00:20:14]} {[%emt 00:07:50]} Qxb2
{[%clk 00:30:23]} {[%emt 00:01:09]} 22. Rab1 {[%clk 00:18:59]} {[%emt
00:00:16]} Qxa3 {[%clk 00:30:02]} {[%emt 00:02:19]} 23. Nxc4 {[%clk 00:18:39]}
{[%emt 00:00:49]} Qc5+ {[%clk 00:25:13]} {[%emt 00:05:20]} 24. Ne3 {[%clk
00:18:41]} {[%emt 00:00:28]} d2 {[%clk 00:25:08]} {[%emt 00:00:36]} 25. Rbd1
{[%clk 00:17:39]} {[%emt 00:01:31]} Nc3 {[%clk 00:25:22]} {[%emt 00:00:16]} 26.
Rxd2 {[%clk 00:17:56]} {[%emt 00:00:12]} Ne4+ {[%clk 00:25:44]} {[%emt
00:00:09]} 0-1